000 00576nam a2200205Ia 4500
005 20250326141005.0
008 250326s9999 xx 000 0 und d
020 _a0-07-463044-X
037 _aTextbook
040 _aFMSL
_beng
_cFMSL
041 _aeng
_2eng
084 _aX:8D N6
_qFMSL
100 _aBrealey R A
245 0 _aPrinciples of corporate fice
_cBrealey R A; Myers S C
250 _a5
260 _aNew Delhi
_bNew Delhi, Tata McGraw-Hill publishing company ltd.
_c1996
300 _a998p
942 _cTB
_hX:8D N6
999 _c1288187
_d1288187